Statistics for NBA WC Team Scramble

Click here to take the quiz!

General Stats

  • This quiz has been taken 177 times
  • The average score is 10 of 15

Answer Stats

Answer% Correct
Kings
76%
Jazz
72%
Warriors
72%
Clippers
69%
Suns
69%
Lakers
66%
Timberwolves
65%
Grizzlies
62%
Spurs
62%
Trail Blazers
62%
Nuggets
61%
Rockets
61%
Mavericks
60%
Pelicans
54%
Thunder
50%

Score Distribution

Percentile by Number Answered

Percent of People with Each Score

Your Score History

You have not taken this quiz